Monnaies d'Europe et d'Asie - Statistiques

Statistiques générales
  • Ce quiz a été pris 23 fois
    4 depuis la dernière actualisation
  • Le résultat moyen est 29 sur 57
Statistiques - réponses
Hint Réponse % Correct
Islande Couronne islandaise
100%
Norvège Couronne norvègienne
100%
Suède Couronne suèdoise
100%
Danemark Couronne danoise
100%
Suisse Franc suisse
100%
Albanie Lek
100%
Bulgarie Lev
100%
R-U Livre sterling
100%
Russie Rouble russe
100%
Afghanistan Afghani
75%
Bahreïn Dinar bahreïni
75%
Biélorussie Rouble biélorusse
75%
Roumanie Leu
75%
Inde Roupie indienne
75%
Corée du Nord / Sud Won
75%
Japon Yen
75%
Chine Yuan
75%
Pologne Zloty
75%
Jordanie Dinar jordanien
50%
Koweït Dinar koweïtien
50%
UAE Dirham des émirats
50%
Timor oriental Dollar américain
50%
Vietnam Dong
50%
Hongrie Forint
50%
Liban Livre libanaise
50%
Azerbaïdjan Manat azerbaïdjanais
50%
Irak Rial irakien
50%
Iran Rial iranien
50%
Arabie saoudite Riyal
50%
Népal Roupie népalaise
50%
Sri Lanka Roupie srilankaise
50%
Kirghizistan Som
50%
République tchèque Couronne tchèque
25%
Serbie Dinar serbe
25%
Birmanie Kyat
25%
Brunei Dollar de brunei
25%
Singapour Dollar de Singapour
25%
Arménie Dram
25%
Ukraine Hryvnia
25%
Laos Kip
25%
Géorgie Lari
25%
Syrie Livre syrienne
25%
Turkménistan Manat turkmène
25%
Bosnie-H Mark convertible
25%
Bhoutan Ngultrum
25%
Taïwan Nouveau dollar de Taïwan
25%
Philippines Peso philippin
25%
Oman Rial omanais
25%
Cambodge Riel
25%
Malaisie Ringgit
25%
Pakistan Roupie pakistanaise
25%
Maldives Rufiyaa
25%
Tadjikistan Somoni
25%
Ouzbékistan Sum
25%
Bangladesh Taka
25%
Kazakhstan Tenge kazakh
25%
Mongolie Tugrik mongol
25%
Aucun quiz correspondant
Distribution des résultats
% des personnes avec chaque résultat
Percentile par nombre de réponses
Votre historique - résultats
Vous n’avez pas pris ce quiz depuis la dernière actualisation